Защита ядернных реакторов: материалы Комиссии по атомной энергии США; пер. с англ.

Detaylı Bibliyografya
Diğer Yazarlar: Цыпин С. Г. (редактор)
Dil:Rusça
Baskı/Yayın Bilgisi: Москва, Изд-во иностранной литературы, 1958
Seri Bilgileri:Ядерные реакторы
Konular:
Materyal Türü: Kitap
KOHA link:https://koha.lib.tpu.ru/cgi-bin/koha/opac-detail.pl?biblionumber=158946

MARC

LEADER 00000nam0a2200000 4500
001 158946
005 20231031154844.0
035 |a (RuTPU)RU\TPU\book\172386 
090 |a 158946 
100 |a 20090429d1958 k y0rusy50 ca 
101 1 |a rus  |c eng 
102 |a RU 
105 |a af z 001zy 
200 1 |a Защита ядернных реакторов  |e материалы Комиссии по атомной энергии США  |e пер. с англ.  |f под ред. С. Г. Цыпина 
210 |a Москва  |c Изд-во иностранной литературы  |d 1958 
215 |a 344 с.  |c ил. 
225 1 |a Ядерные реакторы 
320 |a Библиогр. в конце гл. 
320 |a Предм. указ.: с. 334-337. 
610 1 |a реакторы 
610 1 |a защита 
610 1 |a допустимые уровни 
610 1 |a излучения 
610 1 |a радиоактивность 
610 1 |a расчеты 
610 1 |a тепловыделение 
610 1 |a проектирование 
610 1 |a источники излучений 
610 1 |a нейтроны 
610 1 |a атомная энергия 
610 1 |a реакторы 
675 |a 621.039.53  |v 3 
702 1 |a Цыпин  |b С. Г.  |4 340 
801 1 |a RU  |b 63413507  |c 20090429  |g PSBO 
801 2 |a RU  |b 63413507  |c 20140711  |g PSBO 
900 |a Основы проектирования и анализ уязвимости физической защиты ядерного объекта 
942 |c BK